The World’s Great Artists. (Registro nro. 309159)

Detalles MARC
000 -ENCABEZADO
Número de control [NR] 02392nam a2200289Ia 4500
005 - FECHA Y HORA DE LA ÚLTIMA TRANSACCIÓN
control field 20180122151718.0
008 - DE LONGITUD FIJA DE DATOS DE ELEMENTOS - INFORMACIÓN GENERAL
Elementos de longitud fija [NR] 130821s1900 xxua fr 1 deng
040 ## - FUENTE DE CATALOGACION [NR]
Agencia de catalogación original [NR] Co-BoUCM
Idioma de catalogación [NR] spa
Quien Cataloga Sandra Yazo
Quien Clasifica Sandra Yazo
041 0# - CODIGO DE IDIOMA [R]
Código de idioma para texto/pista de sonido o título separado [R] Inglés
082 04 - NUMERO DE CLASIFICACION DECIMAL DEWEY [R]
Número de clasificación [R] 700.92
Número de la edición [NR] 20
092 ## - SIGNATURA TOPOGRAFICA LOCAL
Número de clasificación local E45N002
242 00 - TRADUCCION DEL TITULO POR LA AGENCIA CATALOGADORA [R]
Título [NR] Los grandes artistas del mundo.
Mención de responsabilidad, etc. [NR] Según los documentos de Chicago.
Código de idioma del título traducido [NR] spa
245 00 - MENCION DE TITULO [NR]
Título [NR] The World’s Great Artists.
Parte restante del título [NR] From the Chicago Record.
260 ## - PUBLICACION, DISTRIBUCION, ETC. (PIE DE IMPRENTA) [R]
Lugar de publicación, distribución, etc. [R] New York [Nueva York] Estados Unidos
Nombre del editor, distribuidor, etc. [R] The Dubleday & McClure Co [Compañía de Doubleday y McClure] ; ... Press Brewick & Smith ... [Imprenta de Berwick y Smith]
Fecha de publicación, distribución, etc. [R] 1900
300 ## - DESCRIPCION FISICA [R]
Extensión [R] xi, [3], 325 páginas
Dimensiones [R] 20 x 14 cm.
Otros detalles físicos [NR] ilustraciones
490 #0 - MENCION DE SERIE [R]
Mención de serie [R] Home Study Circle Library. Edited by Seymour Eaton [Biblioteca del Círculo de Estudios domésticos. Editada por Seymour Eaton]
500 ## - NOTA GENERAL [R]
Nota general [NR] Encuadernación rígida: cartón duro forrado en tela texturizada. Lomo con adornos en dorado, marcado en lomo como III. Guardas en papel decorativo. Anteportada. Hoja de cortesía con fotografía (blanco y negro) John the Baptist de Donato. Portada impresa en dos tintas, datos de publicación enmarcados; sello de tinta (Miguel Arteaga H.). Texto impecablemente impreso en una columna; diferentes tipos y tamaños de letra. Notas al final de cada capítulo. Márgenes amplios. Algunas ilustraciones (plumilla) y fotografías en blanco y negro. Ejempar con notorio deterioro por humedad, hongos, varias hojas sueltas
505 0# - NOTA DE CONTENIDO CON FORMATO PREESTABLECIDO [R]
Nota de contenido con formato preestablecido [NR] Donatello / Arthur Hoeber ; Tiziano / Arthur Lincoln Frothingam ; Rafael / James M. Hoppin ; Correggio / Frank Fowler ; Velázquez / Arthur Lincoln Frothingam ; Murillo / Arthur Lincoln Frothingam ; Durero / Arthur Hoeber ; Holbein / Arthur Lincoln Frothingam ; Rubens / John C. Van Dycke ; Van Dyck / Arthur Hoeber ; Rembrandt / John C. Van Dycke ; Hals / Frank Fowler ; Millet / Frank Fowler ; Meissonier / Arthur Hoeber ; Hogarth / John Ebenezer Bryant ; Reynolds / Arthur Hoeber ; Gainsborough / Arthur Hoeber ; Turner / Russell Sturgis ; Constable / Arthur Hoeber y Lawrence / Arthur Hoeber
506 ## - NOTA DE RESTRICCIONES DE ACCESO [R]
Condiciones de acceso [NR] Consulta en sala
546 ## - NOTA DE IDIOMA [R]
Nota de idioma [NR] Texto en inglés
650 #7 - ASIENTO SECUNDARIO DE MATERIA - TERMINO TEMATICO [R]
Término temático o nombre geográfico como elemento de entrada [NR] Historia del arte
9 (RLIN) 16936
Subdivisión geográfica [R] Europa
650 #7 - ASIENTO SECUNDARIO DE MATERIA - TERMINO TEMATICO [R]
Término temático o nombre geográfico como elemento de entrada [NR] Pintores
Subdivisión geográfica [R] Europa
9 (RLIN) 90914
650 #7 - ASIENTO SECUNDARIO DE MATERIA - TERMINO TEMATICO [R]
Término temático o nombre geográfico como elemento de entrada [NR] Artistas
9 (RLIN) 9576
Subdivisión geográfica [R] Europa
690 ## - ASUNTO AGREGADO LOCAL DE ENTRADA - TÉRMINO TEMÁTICO (OCLC, RLIN)
Acceso temático local Arte
9 (RLIN) 9444
700 1# - ASIENTO SECUNDARIO - NOMBRE PERSONAL [R]
Nombre personal [NR] Eaton, Seymour
Fechas asociadas con el nombre [NR] 1859-1916
9 (RLIN) 90913
942 ## - ELEMENTOS DE ENTRADA AGREGADOS (KOHA)
Tipo de ítem principal el descrito en 300a Libro
Edición 1
Sistema de clasificación LOCAL
Clasificación E45N002
Existencias
Suprimido Perdido Sistema de clasificación Dañado No prestable Tipo de ítem específico Ubicación habitual Ubicación actual Localización Fecha de creación Forma de adquisición Costo Total préstamos Signatura topográfica Código de barras Última vez visto Ejemplar Price effective from Tipo de ítem
    LOCAL     Libro archivo Archivo Histórico Archivo Histórico Archivo histórico 22/01/2018 Donación 0.00   E45N002 L006428 22/01/2018 Ej.1 22/01/2018 Libro